<?xml version='1.0' encoding='UTF-8'?>
  <record xmlns="http://www.loc.gov/MARC21/slim">
    <leader>00000cam a2200000 i 4500</leader>
    <controlfield tag="001">ocm62392072</controlfield>
    <controlfield tag="003">OCoLC</controlfield>
    <controlfield tag="005">20260128081644.3</controlfield>
    <controlfield tag="008">051201s1483    gw a          001 0 ger d</controlfield>
    <datafield tag="040" ind1=" " ind2=" ">
      <subfield code="a">TYC</subfield>
      <subfield code="b">eng</subfield>
      <subfield code="e">rda</subfield>
      <subfield code="e">dcrmr</subfield>
      <subfield code="c">TYC</subfield>
      <subfield code="d">TYC</subfield>
      <subfield code="d">OCLCG</subfield>
      <subfield code="d">OCLCA</subfield>
      <subfield code="d">OCLCF</subfield>
      <subfield code="d">OCLCO</subfield>
      <subfield code="d">OCLCQ</subfield>
      <subfield code="d">RBN</subfield>
      <subfield code="d">OCL</subfield>
      <subfield code="d">OCLCA</subfield>
      <subfield code="d">OCLCO</subfield>
      <subfield code="d">OCLCQ</subfield>
      <subfield code="d">OCLCL</subfield>
      <subfield code="d">CUD</subfield>
      <subfield code="d">OCLCO</subfield>
      <subfield code="d">QGJ</subfield>
    </datafield>
    <datafield tag="035" ind1=" " ind2=" ">
      <subfield code="a">(OCoLC)62392072</subfield>
    </datafield>
    <datafield tag="050" ind1=" " ind2="4">
      <subfield code="a">D17</subfield>
      <subfield code="b">.R65 1483</subfield>
    </datafield>
    <datafield tag="100" ind1="1" ind2=" ">
      <subfield code="a">Rolevinck, Werner,</subfield>
      <subfield code="d">1425-1502,</subfield>
      <subfield code="e">author.</subfield>
      <subfield code="4">aut</subfield>
      <subfield code="1">https://id.oclc.org/worldcat/entity/E39PBJg4pCpWrVw3QfmTGkBXVC</subfield>
    </datafield>
    <datafield tag="240" ind1="1" ind2="0">
      <subfield code="a">Fasciculus temporum</subfield>
    </datafield>
    <datafield tag="245" ind1="1" ind2="0">
      <subfield code="a">Fasciculus t[em][por][u]m o[mn]es antiq[uo][rum] cronicas [com]plectens ...</subfield>
    </datafield>
    <datafield tag="246" ind1="3" ind2=" ">
      <subfield code="a">Fasciculus temporum omnes antiquorum cronicas complectens</subfield>
    </datafield>
    <datafield tag="264" ind1=" " ind2="1">
      <subfield code="a">[Cologne] :</subfield>
      <subfield code="b">[Ludwig von Renchen?],</subfield>
      <subfield code="c">[not after 1483]</subfield>
    </datafield>
    <datafield tag="300" ind1=" " ind2=" ">
      <subfield code="a">148 unnumbered pages :</subfield>
      <subfield code="b">illustrations (woodcuts) ;</subfield>
      <subfield code="c">32 cm (folio)</subfield>
    </datafield>
    <datafield tag="336" ind1=" " ind2=" ">
      <subfield code="a">text</subfield>
      <subfield code="b">txt</subfield>
      <subfield code="2">rdacontent</subfield>
    </datafield>
    <datafield tag="337" ind1=" " ind2=" ">
      <subfield code="a">unmediated</subfield>
      <subfield code="b">n</subfield>
      <subfield code="2">rdamedia</subfield>
    </datafield>
    <datafield tag="338" ind1=" " ind2=" ">
      <subfield code="a">volume</subfield>
      <subfield code="b">nc</subfield>
      <subfield code="2">rdacarrier</subfield>
    </datafield>
    <datafield tag="340" ind1=" " ind2=" ">
      <subfield code="m">folio</subfield>
      <subfield code="2">rdabf</subfield>
    </datafield>
    <datafield tag="500" ind1=" " ind2=" ">
      <subfield code="a">Title from incipit, leaf a3r, which reads in full: Fasciculus t[em][por][u]m o[mn]es antiq[uo][rum] cronicas [com]plectens. admissimus ab alma vniuersitate Colonien[sis]. i[n]cipit feliciter.</subfield>
    </datafield>
    <datafield tag="500" ind1=" " ind2=" ">
      <subfield code="a">Imprint from ISTC.</subfield>
    </datafield>
    <datafield tag="500" ind1=" " ind2=" ">
      <subfield code="a">"Frankfurt copy has purchase date 1483. Usually assigned to Renchen at Cologne; Hillard assigns to the Printer of the 'Vitas Patrum' [Strassburg]. ... For variants see CIBN."--ISTC.</subfield>
    </datafield>
    <datafield tag="500" ind1=" " ind2=" ">
      <subfield code="a">First line of prologue, leaf a2r: [G]Eneratio &amp; generatio laudabit o[per]a tua: &amp; pote[n]tia[m] tua[m] [pro]nunciabu[n]t Scri/bit[ur] p[salmu]s .144.</subfield>
    </datafield>
    <datafield tag="500" ind1=" " ind2=" ">
      <subfield code="a">A variant setting of the first leaf begins: [G]Eneratio &amp; generatio laudabit opera tua: &amp; potentiam tuam pronuncia-/bunt Scribitur p[salmu]s .144.</subfield>
    </datafield>
    <datafield tag="500" ind1=" " ind2=" ">
      <subfield code="a">Collation: folio: a-b⁸ c⁶ d⁸ e⁶ f⁸ g⁶ h-i⁸, ²a⁸ [$4/3 signed; signing a2-4 as a1, a2, A3]; 74 leaves, unnumbered (first leaf blank). The second "a" gathering is the index, which the signature allows to be bound first.</subfield>
    </datafield>
    <datafield tag="500" ind1=" " ind2=" ">
      <subfield code="a">Capital spaces without guide-letters.</subfield>
    </datafield>
    <datafield tag="510" ind1="4" ind2=" ">
      <subfield code="a">Incunabula short title catalogue,</subfield>
      <subfield code="c">ir00269000</subfield>
      <subfield code="u">https://data.cerl.org/istc/ir00269000</subfield>
    </datafield>
    <datafield tag="510" ind1="4" ind2=" ">
      <subfield code="a">Gesamtkatalog der Wiegendrucke,</subfield>
      <subfield code="c">M38689</subfield>
      <subfield code="u">https://www.gesamtkatalogderwiegendrucke.de/docs/M38689.htm</subfield>
    </datafield>
    <datafield tag="510" ind1="4" ind2=" ">
      <subfield code="a">Gesamtkatalog der Wiegendrucke,</subfield>
      <subfield code="c">M38691</subfield>
      <subfield code="u">https://www.gesamtkatalogderwiegendrucke.de/docs/M38691.htm</subfield>
    </datafield>
    <datafield tag="510" ind1="4" ind2=" ">
      <subfield code="a">Incunabula in Dutch libraries,</subfield>
      <subfield code="c">3941</subfield>
    </datafield>
    <datafield tag="510" ind1="4" ind2=" ">
      <subfield code="a">Goff, F.R. Incunabula in American libraries,</subfield>
      <subfield code="c">R-269</subfield>
    </datafield>
    <datafield tag="510" ind1="4" ind2=" ">
      <subfield code="a">Hain, L. Repertorium bibliographicum,</subfield>
      <subfield code="c">6914*</subfield>
    </datafield>
    <datafield tag="510" ind1="4" ind2=" ">
      <subfield code="a">Copinger, W.A. Supplement to Hain's Repertorium bibliographicum,</subfield>
      <subfield code="c">2436 (var.)</subfield>
    </datafield>
    <datafield tag="510" ind1="4" ind2=" ">
      <subfield code="a">Catalogue of books printed in the XVth century now in the British Museum,</subfield>
      <subfield code="c">I, 269</subfield>
    </datafield>
    <datafield tag="510" ind1="4" ind2=" ">
      <subfield code="a">Catalogue of books printed in the fifteenth century now in the Bodleian Library, Oxford,</subfield>
      <subfield code="c">R-119</subfield>
    </datafield>
    <datafield tag="510" ind1="4" ind2=" ">
      <subfield code="a">Catalogue of the fifteenth-century printed books in the University Library, Cambridge,</subfield>
      <subfield code="c">735, 736</subfield>
    </datafield>
    <datafield tag="510" ind1="4" ind2=" ">
      <subfield code="a">Bayerische Staatsbibliothek Inkunabelkatalog,</subfield>
      <subfield code="c">R-245</subfield>
    </datafield>
    <datafield tag="510" ind1="4" ind2=" ">
      <subfield code="a">Pellechet, M. Catalogue général des incunables des bibliothèques publiques de France MS,</subfield>
      <subfield code="c">10172 (9951)</subfield>
    </datafield>
    <datafield tag="510" ind1="4" ind2=" ">
      <subfield code="a">Bibliothèque nationale (France). Catalogue des incunables,</subfield>
      <subfield code="c">R-175</subfield>
    </datafield>
    <datafield tag="510" ind1="4" ind2=" ">
      <subfield code="a">Proctor, R. Index to the early printed books in the British Museum,</subfield>
      <subfield code="c">1284</subfield>
    </datafield>
    <datafield tag="510" ind1="4" ind2=" ">
      <subfield code="a">Pollard, A.W. Catalogue of books mostly from the presses of the first printers ... collected by Rush C. Hawkins,</subfield>
      <subfield code="c">81</subfield>
    </datafield>
    <datafield tag="650" ind1=" " ind2="0">
      <subfield code="a">World history</subfield>
      <subfield code="v">Early works to 1800.</subfield>
    </datafield>
    <datafield tag="650" ind1=" " ind2="0">
      <subfield code="a">Incunabula</subfield>
      <subfield code="z">Germany</subfield>
      <subfield code="z">Cologne</subfield>
      <subfield code="y">1483</subfield>
      <subfield code="v">Specimens.</subfield>
    </datafield>
    <datafield tag="650" ind1=" " ind2="6">
      <subfield code="a">Histoire universelle</subfield>
      <subfield code="v">Ouvrages avant 1800.</subfield>
    </datafield>
    <datafield tag="650" ind1=" " ind2="7">
      <subfield code="a">Incunabula</subfield>
      <subfield code="2">fast</subfield>
    </datafield>
    <datafield tag="650" ind1=" " ind2="7">
      <subfield code="a">World history</subfield>
      <subfield code="2">fast</subfield>
    </datafield>
    <datafield tag="651" ind1=" " ind2="7">
      <subfield code="a">Germany</subfield>
      <subfield code="z">Cologne</subfield>
      <subfield code="2">fast</subfield>
      <subfield code="1">https://id.oclc.org/worldcat/entity/E39QbtfRgxYkfbwQXfRkmPTP3p</subfield>
    </datafield>
    <datafield tag="648" ind1=" " ind2="7">
      <subfield code="a">1483</subfield>
      <subfield code="2">fast</subfield>
    </datafield>
    <datafield tag="655" ind1=" " ind2="4">
      <subfield code="a">Incunabula</subfield>
      <subfield code="z">Germany</subfield>
      <subfield code="z">Cologne</subfield>
      <subfield code="y">1481</subfield>
    </datafield>
    <datafield tag="655" ind1=" " ind2="7">
      <subfield code="a">Early works</subfield>
      <subfield code="2">fast</subfield>
    </datafield>
    <datafield tag="655" ind1=" " ind2="7">
      <subfield code="a">Specimens</subfield>
      <subfield code="2">fast</subfield>
    </datafield>
    <datafield tag="655" ind1=" " ind2="7">
      <subfield code="a">Incunabula</subfield>
      <subfield code="z">Germany</subfield>
      <subfield code="z">Cologne</subfield>
      <subfield code="y">1483.</subfield>
      <subfield code="2">rbgenr</subfield>
    </datafield>
    <datafield tag="700" ind1="0" ind2=" ">
      <subfield code="a">Ludwig,</subfield>
      <subfield code="c">von Renchen,</subfield>
      <subfield code="d">active 1483-1505,</subfield>
      <subfield code="e">printer.</subfield>
      <subfield code="4">prt</subfield>
      <subfield code="1">https://id.oclc.org/worldcat/entity/E39PBJhGXXd7rmr7YC8cYYtdwC</subfield>
    </datafield>
    <datafield tag="700" ind1="0" ind2=" ">
      <subfield code="a">Printer of the 1483 Vitas Patrum,</subfield>
      <subfield code="e">printer,</subfield>
      <subfield code="e">attributed name.</subfield>
      <subfield code="4">prt</subfield>
      <subfield code="4">att</subfield>
      <subfield code="1">https://id.oclc.org/worldcat/entity/E39PCjCKVd7qXCjjVr3tVhpbgq</subfield>
    </datafield>
    <datafield tag="752" ind1=" " ind2=" ">
      <subfield code="a">Germany</subfield>
      <subfield code="d">Cologne,</subfield>
      <subfield code="e">publication place.</subfield>
      <subfield code="4">att</subfield>
    </datafield>
    <datafield tag="752" ind1=" " ind2=" ">
      <subfield code="a">France</subfield>
      <subfield code="d">Strasbourg,</subfield>
      <subfield code="e">publication place,</subfield>
      <subfield code="e">attributed name.</subfield>
      <subfield code="4">pup</subfield>
      <subfield code="4">att</subfield>
    </datafield>
    <datafield tag="758" ind1=" " ind2=" ">
      <subfield code="i">has work:</subfield>
      <subfield code="a">Fasciculus temporum (Text)</subfield>
      <subfield code="1">https://id.oclc.org/worldcat/entity/E39PCFKdWfdxCbfwqK8vCjmjmd</subfield>
      <subfield code="4">https://id.oclc.org/worldcat/ontology/hasWork</subfield>
    </datafield>
  </record>